Генетика и биометрия. Часть 2, учебное пособие
| Parent link: | Генетика и биометрия. / Белокуров С. Г.,Казаков Д. С.. Ч. 1 |
|---|---|
| 1. autor: | |
| Kolejni autorzy: | |
| Streszczenie: | Рекомендовано методической комиссией факультета ветеринарной медицины и зоотехнии в качестве учебного пособия для практических занятий студентов направления подготовки 36.03.02 Зоотехния очной и заочной форм обучения Издание отражает вопросы современной общей и частной генетики, необходимые для повышения квалификации зооинженеров-селекционеров в области качественного преобразования существующих и создания новых пород сельскохозяйственных животных на высокий конкурентоспособный уровень продуктивности, долголетний срок использования, резистентных к болезням и неблагоприятным факторам внешней среды. Учебное пособие по дисциплине «Генетика и биометрия» предназначено для практических занятий и самостоятельной работы студентов направления подготовки 36.03.02 Зоотехния очной и заочной форм обучения. Книга из коллекции КГСХА - Ветеринария и сельское хозяйство |
| Wydane: |
пос. Караваево, КГСХА, 2021
|
| Hasła przedmiotowe: | |
| Dostęp online: | https://e.lanbook.com/book/252152 https://e.lanbook.com/img/cover/book/252152.jpg |
| Format: | Elektroniczne Książka |
MARC
| LEADER | 00000nam0a2200000 i 4500 | ||
|---|---|---|---|
| 001 | RU-LAN-BOOK-252152 | ||
| 100 | |a 20250516d2021 k y0rusy01020304ca | ||
| 101 | 0 | |a rus | |
| 102 | |a RU | ||
| 105 | |a y j 000zy | ||
| 106 | |a z | ||
| 200 | 1 | |a Генетика и биометрия. Часть 2 |f Белокуров С. Г.,Казаков Д. С. |e учебное пособие |h Ч. 1 | |
| 210 | |a пос. Караваево |b пос. Караваево |c КГСХА |d 2021 | ||
| 215 | |a 120 с. | ||
| 300 | |a Рекомендовано методической комиссией факультета ветеринарной медицины и зоотехнии в качестве учебного пособия для практических занятий студентов направления подготовки 36.03.02 Зоотехния очной и заочной форм обучения | ||
| 330 | |a Издание отражает вопросы современной общей и частной генетики, необходимые для повышения квалификации зооинженеров-селекционеров в области качественного преобразования существующих и создания новых пород сельскохозяйственных животных на высокий конкурентоспособный уровень продуктивности, долголетний срок использования, резистентных к болезням и неблагоприятным факторам внешней среды. Учебное пособие по дисциплине «Генетика и биометрия» предназначено для практических занятий и самостоятельной работы студентов направления подготовки 36.03.02 Зоотехния очной и заочной форм обучения. | ||
| 333 | |a Книга из коллекции КГСХА - Ветеринария и сельское хозяйство | ||
| 461 | 0 | |1 2001 |a Генетика и биометрия |f Белокуров С. Г.,Казаков Д. С. |v Ч. 1 | |
| 610 | 0 | |a предмет | |
| 610 | 0 | |a генетика | |
| 610 | 0 | |a животноводство | |
| 610 | 0 | |a цитогенетика | |
| 610 | 0 | |a хромосомная нестабильность | |
| 610 | 0 | |a экология | |
| 610 | 0 | |a генетические последствия | |
| 610 | 0 | |a наследование признаков | |
| 610 | 0 | |a сцепленное наследование | |
| 610 | 0 | |a количественные признаки | |
| 610 | 0 | |a селекция животных | |
| 675 | |a 636.082.11 | ||
| 686 | |a 45.3 |2 rubbk | ||
| 700 | 1 | |a Белокуров |b С. Г. | |
| 701 | 1 | |a Казаков |b Д. С. | |
| 801 | 1 | |a RU |b Издательство Лань |c 20250516 |g RCR | |
| 856 | 4 | |u https://e.lanbook.com/book/252152 | |
| 856 | 4 | 1 | |u https://e.lanbook.com/img/cover/book/252152.jpg |
| 953 | |a https://e.lanbook.com/img/cover/book/252152.jpg | ||